00821nam a2200217Ii 450000100060000000300090000600800410001504000330005604100080008908200150009710000360011224501160014826400400026430000120030433600260031633700280034233800270037094000520039799900170044995201370046615651CO-ViMGA241108s9999||||xx |||||||||||||| ||und|| aCO-ViMGAbspaerdacCO-ViMGA0 aspa04a320.4 A71i1 aFederico Arbeláez Lema94671810aInstituciones colombianas y civismo internacional :bcívica superior para el sexto año de enseñanza media 1aBogotá, Colombia : Voluntad, 1971 avolumen atextbtxt2rdacontent aunmediatedbn2rdamedia avolumebnc2rdacarrier aidficha_siabuc: 15335. -- ficha_no_siabuc:15651 c41288d41288 001040708001aMEVIGERRbMEVIGERRcGENd2012-02-27o320.4 A71ipECA20826r2024-11-26 08:56:02tEj.1w2024-11-26yBKz15335 | 20039